00550nam a22001577a 4500003000200000005001700002008004100019020002200060050002000082245012900102260003700231300002900268504005200297650002800349650001500377020250107123934.0250107b xxu||||| |||| 00| 0 eng d a978-1-03-222611-8 aH62 b.P55 2024 aPhilosophical foundations of mixed methods research bdialogues between researchers and philosopherscedited by Yafeng Shan  aNew York City bRoutledgecc2024 aviii, 261 pages c24cm.  aIncludes bibliographical references and index.  aMixed method research.  aResearch.